| 000 | 00924 a2200217 4500 | ||
|---|---|---|---|
| 003 | Nust | ||
| 005 | 20220811143150.0 | ||
| 010 | _a 99051601 | ||
| 020 | _a0819435031 (softcover) | ||
| 040 | _cNust | ||
| 082 | 0 | 0 | _a621.367,WEL |
| 100 | 1 |
_aWelstead, Stephen T., _996885 |
|
| 245 | 1 | 0 |
_aFractal and wavelet image compression techniques / _cStephen Welstead. |
| 260 |
_aBellingham, Wash. : _bSPIE Optical Engineering Press, _cc1999. |
||
| 300 |
_axv, 232 p. : _bill. ; _c26 cm. |
||
| 490 | 1 |
_aTutorial texts series ; _vvol. TT 40 |
|
| 505 | _aIntroduction Page (Page-1), Fractals Image Compression (Page-11), Wavelet Image Compression (Page-93), Daubechies Wavelets (Page-119), Wavelet Image Compression Techniques (Page-131), Comparison Of Fractals And Wavelet Image Compression (Page-155). | ||
| 650 | 0 | _aTelecommunication Engineering. | |
| 830 | 0 |
_aTutorial texts in optical engineering ; _996344 |
|
| 942 |
_cREF _2ddc |
||
| 999 |
_c175645 _d175645 |
||